Miasta w Polsce powyżej 10000 mieszkańców - Statystyki

Ogólne statystyki
  • Ten quiz został rozwiązany 3 166 razy
  • Średni wynik to 208 z 395
Statystyki odpowiedzi
Ludność Województwa Miasta % Poprawnych
1 794 166 Mazowieckie Warszawa
96%
779 966 Małopolskie Kraków
94%
672 184 Łódzkie Łódź
94%
470 805 Pomorskie Gdańsk
93%
532 048 Wielkopolskie Poznań
93%
641 928 Dolnośląskie Wrocław
93%
344 091 Kujawsko-Pomorskie Bydgoszcz
92%
244 958 Pomorskie Gdynia
92%
338 586 Lubelskie Lublin
92%
398 255 Zachodniopomorskie Szczecin
92%
296 958 Podlaskie Białystok
91%
290 553 Śląskie Katowice
91%
198 613 Kujawsko-Pomorskie Toruń
91%
171 249 Warmińsko-Mazurskie Olsztyn
90%
193 415 Świętokrzyskie Kielce
89%
127 839 Opolskie Opole
89%
209 296 Mazowieckie Radom
89%
196 638 Podkarpackie Rzeszów
88%
140 892 Lubuskie Zielona Góra
88%
217 530 Śląskie Częstochowa
87%
177 049 Śląskie Gliwice
86%
122 589 Lubuskie Gorzów Wielkopolski
86%
197 586 Śląskie Sosnowiec
86%
118 582 Warmińsko-Mazurskie Elbląg
85%
163 255 Śląskie Bytom
84%
106 235 Zachodniopomorskie Koszalin
84%
118 268 Mazowieckie Płock
84%
107 498 Małopolskie Tarnów
84%
170 924 Śląskie Zabrze
84%
169 756 Śląskie Bielsko-Biała
83%
21 247 Wielkopolskie Koło
82%
98 436 Dolnośląskie Legnica
82%
71 710 Dolnośląskie Lubin
82%
69 639 Podlaskie Suwałki
82%
109 971 Dolnośląskie Wałbrzych
82%
61 903 Warmińsko-Mazurskie Ełk
81%
99 106 Wielkopolskie Kalisz
81%
35 286 Pomorskie Sopot
81%
126 871 Śląskie Tychy
81%
108 561 Kujawsko-Pomorskie Włocławek
81%
137 128 Śląskie Rybnik
80%
106 846 Śląskie Chorzów
79%
118 285 Śląskie Dąbrowa Górnicza
79%
71 674 Kujawsko-Pomorskie Inowrocław
79%
78 335 Dolnośląskie Jelenia Góra
79%
83 558 Małopolskie Nowy Sącz
79%
72 527 Wielkopolskie Piła
79%
72 539 Wielkopolskie Konin
78%
72 250 Łódzkie Piotrków Trybunalski
78%
89 780 Pomorskie Słupsk
78%
67 570 Wielkopolskie Gniezno
77%
62 785 Lubelskie Zamość
77%
61 135 Lubelskie Chełm
76%
93 564 Kujawsko-Pomorskie Grudziądz
76%
26 846 Małopolskie Zakopane
76%
46 198 Zachodniopomorskie Kołobrzeg
75%
62 854 Wielkopolskie Leszno
75%
62 623 Mazowieckie Pruszków
75%
59 779 Podkarpackie Przemyśl
75%
136 423 Śląskie Ruda Śląska
75%
77 813 Mazowieckie Siedlce
75%
67 579 Zachodniopomorskie Stargard
75%
62 573 Podlaskie Łomża
74%
40 948 Zachodniopomorskie Świnoujście
74%
66 120 Dolnośląskie Głogów
73%
22 462 Dolnośląskie Jawor
73%
45 944 Podkarpackie Krosno
73%
62 844 Śląskie Żory
73%
56 419 Łódzkie Bełchatów
72%
56 942 Lubelskie Biała Podlaska
72%
38 101 Pomorskie Malbork
72%
74 559 Śląskie Mysłowice
72%
51 656 Mazowieckie Ostrołęka
72%
59 430 Pomorskie Tczew
72%
49 099 Pomorskie Wejherowo
72%
90 368 Śląskie Jaworzno
71%
60 021 Opolskie Kędzierzyn-Koźle
71%
71 560 Wielkopolskie Ostrów Wielkopolski
71%
88 038 Śląskie Jastrzębie-Zdrój
70%
53 529 Mazowieckie Legionowo
70%
60 075 Podkarpackie Mielec
70%
67 404 Świętokrzyskie Ostrowiec Świętokrzyski
70%
63 945 Łódzkie Pabianice
70%
66 270 Śląskie Siemianowice Śląskie
70%
61 338 Łódzkie Tomaszów Mazowiecki
70%
33 206 Warmińsko-Mazurskie Iława
69%
33 257 Małopolskie Nowy Targ
69%
47 655 Łódzkie Skierniewice
69%
59 623 Podkarpackie Stalowa Wola
69%
55 673 Łódzkie Zgierz
69%
56 008 Śląskie Będzin
68%
35 226 Opolskie Brzeg
68%
47 272 Pomorskie Starogard Gdański
68%
46 360 Podkarpackie Tarnobrzeg
68%
29 946 Podlaskie Augustów
67%
43 356 Opolskie Nysa
67%
44 317 Mazowieckie Otwock
67%
46 965 Lubelskie Puławy
67%
45 353 Łódzkie Radomsko
67%
49 536 Pomorskie Rumia
67%
61 756 Śląskie Tarnowskie Góry
67%
37 569 Małopolskie Oświęcim
66%
48 670 Mazowieckie Piaseczno
66%
56 222 Dolnośląskie Świdnica
66%
43 883 Mazowieckie Ciechanów
65%
33 981 Śląskie Cieszyn
65%
45 189 Podkarpackie Dębica
65%
43 332 Łódzkie Kutno
65%
22 997 Świętokrzyskie Sandomierz
65%
36 999 Podkarpackie Sanok
65%
39 827 Zachodniopomorskie Szczecinek
65%
39 647 Pomorskie Chojnice
64%
34 542 Podkarpackie Jasło
64%
54 702 Śląskie Piekary Śląskie
64%
54 259 Śląskie Racibórz
64%
44 260 Świętokrzyskie Skarżysko-Kamienna
64%
47 638 Świętokrzyskie Starachowice
64%
37 052 Lubuskie Żary
64%
37 073 Podkarpackie Jarosław
63%
40 916 Mazowieckie Mińsk Mazowiecki
63%
33 087 Dolnośląskie Oława
63%
41 390 Łódzkie Sieradz
63%
24 215 Małopolskie Wieliczka
63%
47 576 Śląskie Wodzisław Śląski
63%
48 703 Śląskie Zawiercie
63%
38 486 Dolnośląskie Bolesławiec
62%
26 421 Dolnośląskie Kłodzko
62%
35 101 Pomorskie Lębork
62%
31 129 Mazowieckie Mława
62%
32 243 Zachodniopomorskie Police
62%
49 108 Śląskie Świętochłowice
62%
29 810 Dolnośląskie Zgorzelec
62%
27 896 Mazowieckie Łowicz
61%
39 550 Mazowieckie Żyrardów
61%
30 733 Śląskie Żywiec
61%
32 452 Mazowieckie Grodzisk Mazowiecki
60%
38 191 Lubuskie Nowa Sól
60%
32 714 Warmińsko-Mazurskie Ostróda
60%
36 848 Mazowieckie Wołomin
60%
28 964 Warmińsko-Mazurskie Giżycko
59%
36 816 Mazowieckie Marki
59%
41 003 Śląskie Mikołów
59%
36 979 Dolnośląskie Oleśnica
59%
38 763 Lubelskie Świdnik
59%
21 550 Lubuskie Świebodzin
59%
41 288 Łódzkie Zduńska Wola
59%
29 554 Małopolskie Bochnia
58%
38 329 Pomorskie Kwidzyn
58%
38 546 Mazowieckie Ząbki
58%
21 754 Łódzkie Aleksandrów Łódzki
57%
28 691 Mazowieckie Nowy Dwór Mazowiecki
57%
31 578 Pomorskie Pruszcz Gdański
57%
26 707 Pomorskie Reda
57%
18 379 Małopolskie Wadowice
57%
31 000 Wielkopolskie Września
57%
21 302 Warmińsko-Mazurskie Mrągowo
56%
31 261 Śląskie Myszków
56%
11 139 Pomorskie Puck
56%
35 891 Dolnośląskie Sochaczew
56%
26 441 Wielkopolskie Turek
56%
21 892 Łódzkie Wieluń
56%
11 007 Śląskie Wisła
56%
25 265 Lubuskie Żagań
56%
32 869 Dolnośląskie Dzierżoniów
55%
26 225 Wielkopolskie Jarocin
55%
34 757 Małopolskie Olkusz
55%
22 435 Dolnośląskie Polkowice
55%
36 118 Małopolskie Chrzanów
54%
35 839 Śląskie Czechowice-Dziedzice
54%
20 265 Podlaskie Hajnówka
54%
17 232 Lubelskie Hrubieszów
54%
23 254 Opolskie Kluczbork
54%
23 778 Pomorskie Kościerzyna
54%
19 294 Mazowieckie Pułtusk
54%
15 199 Pomorskie Ustka
54%
22 984 Warmińsko-Mazurskie Bartoszyce
53%
26 114 Lubelskie Biłgoraj
53%
16 833 Pomorskie Bytów
53%
11 574 Dolnośląskie Góra
53%
20 250 Wielkopolskie Gostyń
53%
16 785 Mazowieckie Grójec
53%
33 917 Lubelskie Kraśnik
53%
20 746 Łódzkie Opoczno
53%
25 702 Śląskie Pszczyna
53%
23 672 Wielkopolskie Środa Wielkopolska
53%
25 149 Podlaskie Bielsk Podlaski
52%
19 029 Warmińsko-Mazurskie Pisz
52%
20 014 Wielkopolskie Rawicz
52%
29 176 Wielkopolskie Śrem
52%
22 813 Warmińsko-Mazurskie Szczytno
52%
18 783 Lubelskie Tomaszów Lubelski
52%
24 949 Zachodniopomorskie Wałcz
52%
26 980 Mazowieckie Wyszków
52%
19 205 Kujawsko-Pomorskie Chełmno
51%
26 788 Warmińsko-Mazurskie Kętrzyn
51%
22 216 Mazowieckie Ostrów Mazowiecka
51%
21 924 Mazowieckie Płońsk
51%
21 921 Podlaskie Zambrów
51%
16 974 Warmińsko-Mazurskie Braniewo
50%
15 611 Świętokrzyskie Busko-Zdrój
50%
17 548 Mazowieckie Garwolin
50%
14 713 Wielkopolskie Grodzisk Wielkopolski
50%
37 801 Śląskie Knurów
50%
18 675 Lubelskie Łęczna
50%
32 015 Wielkopolskie Luboń
50%
16 622 Opolskie Namysłów
50%
29 862 Wielkopolskie Swarzędz
50%
25 607 Wielkopolskie Wągrowiec
50%
20 923 Zachodniopomorskie Gryfino
49%
14 276 Pomorskie Kartuzy
49%
18 878 Świętokrzyskie Końskie
49%
17 704 Lubuskie Kostrzyn Nad Odrą
49%
28 701 Wielkopolskie Krotoszyn
49%
21 636 Lubelskie Lubartów
49%
18 026 Kujawsko-Pomorskie Nakło Nad Notecią
49%
14 319 Wielkopolskie Nowy Tomyśl
49%
17 193 Łódzkie Rawa Mazowiecka
49%
16 623 Lubuskie Słubice
49%
23 950 Zachodniopomorskie Białogard
48%
28 701 Kujawsko-Pomorskie Brodnica
48%
18 355 Mazowieckie Gostynin
48%
21 709 Podlaskie Grajewo
48%
17 675 Podkarpackie Łańcut
48%
15 067 Małopolskie Limanowa
48%
29 441 Lubelskie Łuków
48%
18 325 Małopolskie Myślenice
48%
18 736 Wielkopolskie Szamotuły
48%
15 989 Śląskie Ustroń
48%
19 837 Małopolskie Andrychów
47%
31 039 Śląskie Czeladź
47%
13 600 Warmińsko-Mazurskie Gołdap
47%
26 973 Małopolskie Gorlice
47%
13 786 Wielkopolskie Łęczyca
47%
15 489 Warmińsko-Mazurskie Lidzbark Warmiński
47%
23 551 Śląskie Lubliniec
47%
11 144 Warmińsko-Mazurskie Węgorzewo
47%
15 273 Dolnośląskie Złotoryja
47%
21 145 Warmińsko-Mazurskie Działdowo
46%
14 812 Świętokrzyskie Jędrzejów
46%
18 383 Lubelskie Krasnystaw
46%
14 210 Podlaskie Siemiatycze
46%
25 486 Kujawsko-Pomorskie Świecie
46%
12 058 Kujawsko-Pomorskie Aleksandrów Kujawski
45%
15 887 Lubelskie Dęblin
45%
20 723 Dolnośląskie Lubań
45%
15 999 Kujawsko-Pomorskie Rypin
45%
12 915 Lubelskie Włodawa
45%
13 479 Pomorskie Człuchów
44%
21 979 Zachodniopomorskie Goleniów
44%
13 585 Podkarpackie Leżajsk
44%
20 671 Opolskie Prudnik
44%
17 788 Mazowieckie Sierpc
44%
17 657 Opolskie Strzelce Opolskie
44%
23 716 Wielkopolskie Kościan
43%
16 925 Łódzkie Łask
43%
11 199 Dolnośląskie Milicz
43%
16 364 Warmińsko-Mazurskie Olecko
43%
17 967 Podlaskie Sokółka
43%
13 314 Dolnośląskie Trzebnica
43%
17 037 Dolnośląskie Bogatynia
42%
16 764 Małopolskie Brzesko
42%
16 212 Zachodniopomorskie Gryfice
42%
12 756 Śląskie Kłobuck
42%
10 143 Podlaskie Kolno
42%
16 889 Mazowieckie Konstancin-Jeziorna
42%
13 547 Warmińsko-Mazurskie Nidzica
42%
10 709 Warmińsko-Mazurskie Nowe Miasto Lubawskie
42%
18 814 Mazowieckie Sokołów Podlaski
42%
13 623 Kujawsko-Pomorskie Żnin
42%
10 534 Kujawsko-Pomorskie Ciechocinek
41%
11 417 Zachodniopomorskie Drawsko Pomorskie
41%
18 335 Łódzkie Konstantynów Łódzki
41%
15 962 Opolskie Krapkowice
41%
14 283 Kujawsko-Pomorskie Lipno
41%
17 848 Wielkopolskie Oborniki
41%
15 428 Lubelskie Radzyń Podlaski
41%
12 859 Wielkopolskie Wolsztyn
41%
29 523 Dolnośląskie Bielawa
40%
19 375 Śląskie Bieruń
40%
11 500 Małopolskie Miechów
40%
12 432 Mazowieckie Ożarów Mazowiecki
40%
10 524 Świętokrzyskie Pińczów
40%
17 055 Mazowieckie Przasnysz
40%
24 366 Małopolskie Skawina
40%
11 926 Mazowieckie Warka
40%
14 728 Dolnośląskie Ząbkowice Śląskie
40%
27 888 Śląskie Czerwionka-Leszczyny
39%
11 988 Mazowieckie Góra Kalwaria
39%
20 741 Mazowieckie Józefów
39%
18 585 Dolnośląskie Kamienna Góra
39%
13 889 Wielkopolskie Kępno
39%
16 877 Mazowieckie Kozienice
39%
17 667 Lubuskie Międzyrzecz
39%
19 951 Mazowieckie Sulejówek
39%
15 412 Podlaskie Łapy
38%
22 642 Dolnośląskie Świebodzice
38%
13 534 Kujawsko-Pomorskie Tuchola
38%
12 452 Mazowieckie Węgrów
38%
11 064 Wielkopolskie Wronki
38%
17 486 Mazowieckie Zielonka
38%
18 437 Wielkopolskie Złotów
38%
14 362 Kujawsko-Pomorskie Chełmża
37%
13 388 Opolskie Głuchołazy
37%
16 528 Lubuskie Gubin
37%
17 080 Mazowieckie Łomianki
37%
21 643 Dolnośląskie Nowa Ruda
37%
19 507 Małopolskie Trzebinia
37%
13 400 Wielkopolskie Wąbrzeźno
37%
12 412 Kujawsko-Pomorskie Golub-Dobrzyń
36%
10 456 Małopolskie Krynica-Zdrój
36%
12 662 Małopolskie Rabka-Zdrój
36%
10 005 Lubuskie Sulęcin
36%
12 776 Wielkopolskie Koluszki
35%
11 155 Lubuskie Krosno Odrzańskie
35%
14 022 Małopolskie Niepołomice
35%
15 193 Podkarpackie Nisko
35%
22 559 Mazowieckie Piastów
35%
15 614 Kujawsko-Pomorskie Solec Kujawski
35%
13 687 Wielkopolskie Brwinów
34%
12 441 Opolskie Głubczyce
34%
18 443 Małopolskie Kęty
34%
10 374 Warmińsko-Mazurskie Lubawa
34%
15 105 Podkarpackie Przeworsk
34%
21 385 Śląskie Rydułtowy
34%
13 564 Wielkopolskie Słupca
34%
15 873 Dolnośląskie Strzegom
34%
12 383 Dolnośląskie Strzelin
34%
13 717 Lubuskie Wschowa
34%
18 229 Wielkopolskie Chodzież
33%
13 574 Zachodniopomorskie Darłowo
33%
10 010 Warmińsko-Mazurskie Dobre Miasto
33%
25 149 Mazowieckie Kobyłka
33%
11 652 Kujawsko-Pomorskie Mogilno
33%
16 448 Zachodniopomorskie Nowogard
33%
16 953 Wielkopolskie Pleszew
33%
13 313 Mazowieckie Radzymin
33%
11 661 Lubelskie Janów Lubelski
32%
10 211 Pomorskie Miastko
32%
16 478 Mazowieckie Milanówek
32%
13 459 Warmińsko-Mazurskie Morąg
32%
17 665 Wielkopolskie Radlin
32%
16 903 Śląskie Radzionków
32%
10 464 Wielkopolskie Czarnków
31%
16 731 Śląskie Lędziny
31%
11 830 Podkarpackie Lubaczów
31%
12 107 Warmińsko-Mazurskie Pasłęk
31%
12 357 Zachodniopomorskie Sławno
31%
12 298 Dolnośląskie Wołów
31%
12 134 Mazowieckie Błonie
30%
11 828 Małopolskie Dąbrowa Tarnowska
30%
10 476 Wielkopolskie Międzychód
30%
11 049 Zachodniopomorskie Myślibórz
30%
13 964 Wielkopolskie Ostrzeszów
30%
10 555 Lubelskie Parczew
30%
15 338 Zachodniopomorskie Świdwin
30%
15 648 Dolnośląskie Jelcz-Laskowice
29%
16 838 Małopolskie Libiąż
29%
21 290 Śląskie Orzesze
29%
14 534 Świętokrzyskie Staszów
29%
11 557 Mazowieckie Szydłowiec
29%
17 009 Wielkopolskie Trzcianka
29%
12 365 Łódzkie Brzeziny
28%
14 998 Zachodniopomorskie Choszczno
28%
10 048 Zachodniopomorskie Łobez
28%
10 628 Warmińsko-Mazurskie Biskupiec
27%
15 864 Podkarpackie Ropczyce
27%
16 592 Lubuskie Sulechów
27%
22 130 Śląskie Łaziska Górne
26%
19 128 Łódzkie Ozorków
26%
12 484 Zachodniopomorskie Pyrzyce
26%
18 455 Śląskie Pyskowice
26%
13 611 Zachodniopomorskie Barlinek
25%
12 480 Dolnośląskie Brzeg Dolny
25%
17 902 Mazowieckie Pionki
25%
13 961 Łódzkie Głowno
24%
16 667 Lubelskie Międzyrzec Podlaski
24%
12 415 Podkarpackie Sędziszów Małopolski
24%
14 255 Wielkopolskie Mosina
23%
15 154 Dolnośląskie Boguszów-Gorce
22%
14 116 Śląskie Skoczów
22%
10 650 Dolnośląskie Kowary
21%
13 236 Wielkopolskie Chojnów
20%
11 530 Lubuskie Szprotawa
20%
13 626 Zachodniopomorskie Dębno
19%
11 802 Podlaskie Wasilków
19%
11 070 Kujawsko-Pomorskie Koronowo
19%
10 410 Wielkopolskie Murowana Goślina
18%
13 734 Śląskie Pszów
17%
10 340 Dolnośląskie Syców
17%
13 733 Lubuskie Lubsko
16%
11 006 Podkarpackie Nowa Dęba
16%
11 246 Opolskie Zdzieszowice
16%
11 092 Małopolskie Brzeszcze
15%
11 124 Wielkopolskie Rogoźno
15%
12 706 Zachodniopomorskie Złocieniec
15%
Nie znaleziono quizów pasujących do podanych kryteriów
Rozkład punktacji
Procent ludzi z każdym wynikiem
Percentyl według liczby udzielonych odpowiedzi
Twoja historia wyników
Nie rozwiązałeś tego quizu